000 00416nam a2200145Ia 4500
008 220217s9999||||xx |||||||||||||| ||und||
020 _a9814-12-613-6
082 _a519 TRI
100 _aTrivedi, Kishor Sridharbhai
245 0 _aProbability and statistics with reliability, queuing, and co
250 _a2nd
260 _aJohn wiley and sons
_bNew York
_c2001
300 _b
_10.50
650 _aMATHEMATICS
999 _c171244
_d171244